Villes des Pays de la Loire - Mort subite - Statistiques

Statistiques générales
  • Ce quiz a été pris 644 fois
  • Le résultat moyen est 7 sur 16
Answers on the Grid
Answers color-coded by a green-red scale on the quiz's grid according to % correct below.
Saumur
Rochefort
Bressuire
La Flèche
Thouars
Machecoul-Saint-Même
Chemillé-en-Anjou
La Tranche-sur-Mer
Carnac
Châteaubriant
Vitré
Chinon
Évron
Fougères
Château-Gontier-sur-Mayenne
Clisson
Mamers
La Baule-Escoublac
Alençon
Sarzeau
Les Herbiers
Parthenay
Trélazé
Challans
Tours
Falaise
La Ferté-Bernard
Orvault
 
Statistiques - réponses
Réponse % Correct
Saumur
88%
La Flèche
61%
Châteaubriant
45%
Chemillé-en-Anjou
44%
Clisson
43%
Les Herbiers
43%
Château-Gontier-sur-Mayenne
42%
La Tranche-sur-Mer
42%
La Baule-Escoublac
41%
Orvault
40%
Challans
39%
Trélazé
33%
Machecoul-Saint-Même
30%
La Ferté-Bernard
28%
Évron
23%
Mamers
20%
Aucun quiz correspondant
Distribution des résultats
% des personnes avec chaque résultat
Percentile par nombre de réponses
Votre historique - résultats
Vous n’avez pas pris ce quiz